000 00540nam a2200217Ia 4500
003 OSt
005 20221005114852.0
006 a|||||r|||| 00| 0
007 ta
008 221004b |||||||| |||| 00| 0 eng d
024 _a117167
037 _cTextual
040 _aCRL
_cCRL
_beng
041 _2eng
_aeng
100 _aMajumdar Prabhat kumar
_9626699
245 0 _aBharat ke prachin Abhilekh
260 _c1976
650 _aHINDI LITERATURE
_923866
942 _cTEXL
_2cc
999 _c1032691
_d1032691